[Event "Labour Day op"]
[Site "Langley CAN"]
[Date "2009.09.05"]
[Round "2.3"]
[White "Leblanc, Paul"]
[Black "Sohal, Tanraj"]
[Result "0-1"]
[WhiteElo "1848"]
[BlackElo "2102"]
[PlyCount "114"]
[GameId "2160767910092896"]
[EventDate "2009.09.05"]
[EventType "swiss"]
[EventRounds "6"]
[EventCountry "CAN"]
[SourceTitle "EXT 2022"]
[Source "ChessBase"]
[SourceDate "2021.10.06"]
[SourceVersion "1"]
[SourceVersionDate "2021.10.06"]
[SourceQuality "1"]

1. d4 Nf6 2. Bg5 d5 3. Bxf6 exf6 4. e3 c6 5. Bd3 Qb6 6. Qc1 Be6 7. Ne2 Bd6 8. O-O O-O 9. Nd2 Qc7 10. h3 f5 11. c4 g6 12. cxd5 Bxd5 13. Bc4 Bxc4 14. Nxc4 Nd7 15. Nxd6 Qxd6 16. Qc4 Nf6 17. Nc3 Rad8 18. Rac1 Rfe8 19. b4 f4 20. Rfe1 fxe3 21. fxe3 Ne4 22. Nxe4 Rxe4 23. Re2 Qe7 24. Qb3 Rdxd4 25. a3 Rd5 26. Rf1 Qe5 27. Rfe1 Qg3 28. Qc3 Qd6 29. Qc2 Rd3 30. Rd2 Rexe3 31. Rxe3 Rxd2 32. Re8+ Kg7 33. Qc3+ Qd4+ 34. Qxd4+ Rxd4 35. Re7 Rd1+ 36. Kf2 Ra1 37. Rxb7 Rxa3 38. Rc7 Ra6 39. Ke3 Rb6 40. Rxa7 Rxb4 41. Rc7 Rc4 42. Kd3 Rc1 43. Ke4 Rc2 44. Kf3 c5 45. g4 c4 46. h4 Rc1 47. Ke2 c3 48. Rc4 c2 49. g5 Rh1 50. Kd2 c1=Q+ 51. Rxc1 Rxc1 52. Kxc1 f5 53. Kd2 Kf7 54. Ke3 Ke6 55. Kf4 Kd5 56. Ke3 Ke5 57. Kf3 f4 0-1

[Event "Labour Day op"]
[Site "Langley CAN"]
[Date "2009.09.05"]
[Round "2.5"]
[White "Salcedo, Daniel"]
[Black "Davidson, Brian"]
[Result "1-0"]
[WhiteElo "2050"]
[BlackElo "1588"]
[PlyCount "72"]
[GameId "2160767910092897"]
[EventDate "2009.09.05"]
[EventType "swiss"]
[EventRounds "6"]
[EventCountry "CAN"]
[SourceTitle "EXT 2022"]
[Source "ChessBase"]
[SourceDate "2021.10.06"]
[SourceVersion "1"]
[SourceVersionDate "2021.10.06"]
[SourceQuality "1"]

1. d4 Nf6 2. c4 e6 3. Nc3 b6 4. a3 Bb7 5. Bg5 Be7 6. e3 O-O 7. Nf3 h6 8. Bh4 d6 9. Bd3 Nbd7 10. O-O e5 11. e4 exd4 12. Nxd4 Ne5 13. Nf5 Ng6 14. Bg3 Re8 15. f4 Nd7 16. Nxe7+ Qxe7 17. Bc2 Nc5 18. Re1 Qf6 19. Qd2 Rad8 20. Re2 Rd7 21. Rf1 Nf8 22. b4 Nce6 23. Rd1 Red8 24. Nd5 Qb2 25. Qd3 c6 26. Ba4 Qd4+ 27. Qxd4 Nxd4 28. Rxd4 c5 29. Rdd2 Bxd5 30. cxd5 Rc7 31. Rc2 f6 32. e5 fxe5 33. fxe5 dxe5 34. Bxe5 Rf7 35. d6 Ne6 36. Bb3 Re8 1-0

[Event "Labour Day op"]
[Site "Langley CAN"]
[Date "2009.09.05"]
[Round "2.10"]
[White "Trochtchanovitch, Pavel"]
[Black "D'Silva, Suneet"]
[Result "1-0"]
[WhiteElo "2100"]
[BlackElo "911"]
[PlyCount "33"]
[GameId "2160767910092898"]
[EventDate "2009.09.05"]
[EventType "swiss"]
[EventRounds "6"]
[EventCountry "CAN"]
[SourceTitle "EXT 2022"]
[Source "ChessBase"]
[SourceDate "2021.10.06"]
[SourceVersion "1"]
[SourceVersionDate "2021.10.06"]
[SourceQuality "1"]

1. e4 e5 2. Nf3 Nc6 3. Bc4 f6 4. d4 d6 5. O-O Nge7 6. Nc3 Ng6 7. a3 Nxd4 8. Nxd4 exd4 9. Qxd4 Be7 10. f4 c5 11. Qd5 Nf8 12. f5 g6 13. Bh6 b6 14. Qxa8 d5 15. Rad1 Bd7 16. Qxd5 g5 17. Qf7# 1-0

[Event "Labour Day op"]
[Site "Langley CAN"]
[Date "2009.09.05"]
[Round "2.11"]
[White "Steinke, Wally"]
[Black "Hui, Jeremy"]
[Result "0-1"]
[WhiteElo "1706"]
[BlackElo "1580"]
[PlyCount "57"]
[GameId "2160767910092899"]
[EventDate "2009.09.05"]
[EventType "swiss"]
[EventRounds "6"]
[EventCountry "CAN"]
[SourceTitle "EXT 2022"]
[Source "ChessBase"]
[SourceDate "2021.10.06"]
[SourceVersion "1"]
[SourceVersionDate "2021.10.06"]
[SourceQuality "1"]

1. e4 e6 2. d4 d5 3. e5 c5 4. c3 Nc6 5. Nf3 Qb6 6. a3 Nh6 7. h3 cxd4 8. cxd4 Nf5 9. Nc3 Nfxd4 10. Nxd4 Qxd4 11. Qxd4 Nxd4 12. Bd3 Be7 13. Be3 Nc6 14. Nb5 O-O 15. O-O Bd7 16. f4 a6 17. Nd4 Bc5 18. Rfd1 Bxd4 19. Bxd4 Nxd4 20. Bxh7+ Kxh7 21. Rxd4 Rac8 22. g4 Rc7 23. Rf1 Rfc8 24. f5 Rc1 25. Rdd1 Rxd1 26. Rxd1 exf5 27. gxf5 Bxf5 28. Rd4 Be4 29. Kf2 0-1

[Event "Labour Day op"]
[Site "Langley CAN"]
[Date "2009.09.05"]
[Round "2.12"]
[White "Hartwig, Harry"]
[Black "Labik, Peter"]
[Result "1-0"]
[WhiteElo "1528"]
[BlackElo "1704"]
[PlyCount "20"]
[GameId "2160767910092900"]
[EventDate "2009.09.05"]
[EventType "swiss"]
[EventRounds "6"]
[EventCountry "CAN"]
[SourceTitle "EXT 2022"]
[Source "ChessBase"]
[SourceDate "2021.10.06"]
[SourceVersion "1"]
[SourceVersionDate "2021.10.06"]
[SourceQuality "1"]

1. Nf3 f5 2. c4 Nf6 3. g3 e6 4. Bg2 Be7 5. O-O O-O 6. d3 Nc6 7. a3 d6 8. b4 Ng4 9. Nc3 Bf6 10. Bb2 Rb8 1-0

[Event "Labour Day op"]
[Site "Langley CAN"]
[Date "2009.09.05"]
[Round "2.13"]
[White "Martinson, Rick"]
[Black "Lee, Jonah"]
[Result "1-0"]
[WhiteElo "1697"]
[BlackElo "1504"]
[PlyCount "43"]
[GameId "2160767910092901"]
[EventDate "2009.09.05"]
[EventType "swiss"]
[EventRounds "6"]
[EventCountry "CAN"]
[SourceTitle "EXT 2022"]
[Source "ChessBase"]
[SourceDate "2021.10.06"]
[SourceVersion "1"]
[SourceVersionDate "2021.10.06"]
[SourceQuality "1"]

1. e4 e6 2. d4 d5 3. e5 c5 4. Bb5+ Nc6 5. c3 Qb6 6. Ba4 cxd4 7. Nf3 dxc3 8. Nxc3 Bb4 9. O-O Nge7 10. Be3 Qd8 11. Rc1 O-O 12. a3 Bxc3 13. Rxc3 Bd7 14. Bc5 Nxe5 15. Nxe5 Bxa4 16. Qxa4 b6 17. Bb4 Re8 18. Rfc1 f6 19. Bxe7 Qxe7 20. Rc7 Qd6 21. Qg4 Re7 22. Rc8+ 1-0

[Event "Labour Day op"]
[Site "Langley CAN"]
[Date "2009.09.05"]
[Round "2.16"]
[White "Hamm, Robert"]
[Black "Dakin, Spencer"]
[Result "1-0"]
[WhiteElo "1632"]
[BlackElo "1266"]
[PlyCount "44"]
[GameId "2160767910092902"]
[EventDate "2009.09.05"]
[EventType "swiss"]
[EventRounds "6"]
[EventCountry "CAN"]
[SourceTitle "EXT 2022"]
[Source "ChessBase"]
[SourceDate "2021.10.06"]
[SourceVersion "1"]
[SourceVersionDate "2021.10.06"]
[SourceQuality "1"]

1. d4 d5 2. c4 dxc4 3. Nc3 Nc6 4. Nf3 Nf6 5. Bg5 e6 6. e3 Bb4 7. Bxc4 Bxc3+ 8. bxc3 O-O 9. O-O h6 10. Bh4 g5 11. Bg3 Ne4 12. Qc2 f5 13. h4 Nxg3 14. fxg3 f4 15. Qg6+ Kh8 16. Qxh6+ Kg8 17. Nxg5 Qe7 18. Nxe6 Rf6 19. Ng5+ Be6 20. Bxe6+ Qxe6 21. Qh7+ Kf8 22. Nxe6+ Rxe6 1-0

[Event "Labour Day op"]
[Site "Langley CAN"]
[Date "2009.09.06"]
[Round "3.1"]
[White "Sohal, Tanraj"]
[Black "Salcedo, Daniel"]
[Result "0-1"]
[WhiteElo "2102"]
[BlackElo "2050"]
[PlyCount "74"]
[GameId "2160767910092903"]
[EventDate "2009.09.05"]
[EventType "swiss"]
[EventRounds "6"]
[EventCountry "CAN"]
[SourceTitle "EXT 2022"]
[Source "ChessBase"]
[SourceDate "2021.10.06"]
[SourceVersion "1"]
[SourceVersionDate "2021.10.06"]
[SourceQuality "1"]

1. d4 Nf6 2. c4 g6 3. Nc3 d5 4. cxd5 Nxd5 5. e4 Nxc3 6. bxc3 Bg7 7. Bc4 O-O 8. Ne2 Nc6 9. O-O Na5 10. Bb3 b6 11. Be3 Ba6 12. Re1 Qc8 13. Bg5 Re8 14. Rc1 Nxb3 15. axb3 Qg4 16. Qd2 Qxe4 17. Ng3 Qd5 18. Rxe7 Rxe7 19. Bxe7 Bb7 20. f3 Qxb3 21. Bg5 Re8 22. Re1 Rxe1+ 23. Qxe1 Qe6 24. Ne4 h6 25. Bh4 a5 26. Nd2 Qxe1+ 27. Bxe1 a4 28. Nb1 Bf8 29. c4 Ba6 30. Nc3 Bb4 31. Kf2 a3 32. c5 bxc5 33. dxc5 Bxc5+ 34. Kg3 Bb4 35. Kf2 Bc4 36. Nd1 Bxe1+ 37. Kxe1 a2 0-1

[Event "Labour Day op"]
[Site "Langley CAN"]
[Date "2009.09.06"]
[Round "3.3"]
[White "McLaren, Sean"]
[Black "Long, Hugh"]
[Result "1/2-1/2"]
[WhiteElo "2082"]
[BlackElo "1686"]
[PlyCount "73"]
[GameId "2160767910092904"]
[EventDate "2009.09.05"]
[EventType "swiss"]
[EventRounds "6"]
[EventCountry "CAN"]
[SourceTitle "EXT 2022"]
[Source "ChessBase"]
[SourceDate "2021.10.06"]
[SourceVersion "1"]
[SourceVersionDate "2021.10.06"]
[SourceQuality "1"]

1. d4 Nf6 2. g3 e6 3. Bg2 d5 4. e3 Be7 5. Ne2 O-O 6. O-O b6 7. c4 Bb7 8. Nbc3 c5 9. b3 Qd7 10. cxd5 Nxd5 11. Nxd5 Bxd5 12. Ba3 Bxg2 13. Kxg2 cxd4 14. Bxe7 Qxe7 15. Nxd4 Rd8 16. Qf3 Rd5 17. Rad1 Qf6 18. Nb5 Qxf3+ 19. Kxf3 Rxd1 20. Rxd1 Nc6 21. Ke2 a6 22. Nc3 Rd8 23. Rc1 Ne7 24. Ne4 b5 25. Nc5 Rc8 26. b4 g6 27. a3 Nd5 28. e4 Nb6 29. Rd1 Nc4 30. Rd3 a5 31. Nb3 axb4 32. axb4 Ne5 33. Rd2 Rc7 34. Rd4 Rc2+ 35. Rd2 Rc4 36. Rd4 Rc2+ 37. Rd2 1/2-1/2

[Event "Labour Day op"]
[Site "Langley CAN"]
[Date "2009.09.06"]
[Round "3.7"]
[White "Lo, Ryan"]
[Black "Trochtchanovitch, Pavel"]
[Result "0-1"]
[WhiteElo "1656"]
[BlackElo "2100"]
[PlyCount "76"]
[GameId "2160767910092905"]
[EventDate "2009.09.05"]
[EventType "swiss"]
[EventRounds "6"]
[EventCountry "CAN"]
[SourceTitle "EXT 2022"]
[Source "ChessBase"]
[SourceDate "2021.10.06"]
[SourceVersion "1"]
[SourceVersionDate "2021.10.06"]
[SourceQuality "1"]

1. d4 d5 2. c4 c6 3. Nc3 Nf6 4. Bg5 e6 5. e3 Be7 6. Bd3 Nbd7 7. cxd5 exd5 8. Nge2 Nf8 9. Qc2 Ng6 10. O-O Be6 11. Rad1 Nh5 12. Bxe7 Qxe7 13. f3 O-O-O 14. e4 Ngf4 15. exd5 Bxd5 16. Be4 Rhe8 17. Bxd5 Nxd5 18. Qf5+ Kb8 19. Qxh5 Ne3 20. Qxh7 Qg5 21. Qh3 Nxd1 22. Rxd1 Qe3+ 23. Kh1 Rh8 24. Qg4 Ka8 25. h3 g5 26. Qe4 Qf2 27. Qf5 Rde8 28. Qxf7 g4 29. Qf5 gxh3 30. gxh3 Ref8 31. Qe6 Rxf3 32. Nf4 Rxf4 33. Ne2 Rf3 34. Nf4 Rxf4 35. Re1 Rhf8 36. Re3 Qf1+ 37. Kh2 Rf2+ 38. Kg3 Qg1+ 0-1

[Event "Labour Day op"]
[Site "Langley CAN"]
[Date "2009.09.06"]
[Round "3.9"]
[White "Han, Yifei"]
[Black "Hamm, Robert"]
[Result "1/2-1/2"]
[WhiteElo "1931"]
[BlackElo "1632"]
[PlyCount "70"]
[GameId "2160767910092906"]
[EventDate "2009.09.05"]
[EventType "swiss"]
[EventRounds "6"]
[EventCountry "CAN"]
[SourceTitle "EXT 2022"]
[Source "ChessBase"]
[SourceDate "2021.10.06"]
[SourceVersion "1"]
[SourceVersionDate "2021.10.06"]
[SourceQuality "1"]

1. e4 c5 2. Nf3 e6 3. d4 cxd4 4. Nxd4 a6 5. c4 Qc7 6. Bd3 Nf6 7. Nc3 Nc6 8. Nxc6 bxc6 9. O-O Rb8 10. Re1 d6 11. b3 Be7 12. Bb2 a5 13. Na4 O-O 14. e5 Ne8 15. Qh5 g6 16. Qh6 f5 17. f4 d5 18. h4 Rf7 19. h5 Rg7 20. c5 g5 21. Bc1 g4 22. Bb2 Bf8 23. Rac1 Rg6 24. Qxf8+ Kxf8 25. hxg6 hxg6 26. g3 Ng7 27. Kf2 Qa7 28. Rh1 Nh5 29. Ba3 Ba6 30. Bxa6 Qxa6 31. Rcd1 Kg8 32. Nc3 Rb7 33. Rd4 Rh7 34. Rg1 Ng7 35. Rdd1 Rh2+ 1/2-1/2

[Event "Labour Day op"]
[Site "Langley CAN"]
[Date "2009.09.06"]
[Round "3.10"]
[White "Sullivan, Brian"]
[Black "Leblanc, Paul"]
[Result "0-1"]
[WhiteElo "1644"]
[BlackElo "1848"]
[PlyCount "84"]
[GameId "2160767910092907"]
[EventDate "2009.09.05"]
[EventType "swiss"]
[EventRounds "6"]
[EventCountry "CAN"]
[SourceTitle "EXT 2022"]
[Source "ChessBase"]
[SourceDate "2021.10.06"]
[SourceVersion "1"]
[SourceVersionDate "2021.10.06"]
[SourceQuality "1"]

1. d4 d5 2. c4 c6 3. Nc3 Nf6 4. cxd5 cxd5 5. Nf3 Nc6 6. e3 a6 7. Bd3 Qc7 8. a3 Bg4 9. Bd2 e6 10. Rc1 Bd6 11. h3 Bh5 12. O-O Bg6 13. Qc2 Bxd3 14. Qxd3 O-O 15. b4 Qd7 16. e4 dxe4 17. Nxe4 Nxe4 18. Qxe4 Be7 19. Rfd1 Rad8 20. Be3 Qd5 21. Qc2 Qh5 22. Qa4 Rd5 23. Rxc6 bxc6 24. Qxc6 a5 25. Bd2 axb4 26. Bxb4 Bxb4 27. axb4 Rb5 28. Rb1 Qd5 29. Ne5 Rfb8 30. Qc7 Qb7 31. Qxb7 R8xb7 32. Rc1 g6 33. Rc8+ Kg7 34. Nc6 Rd7 35. Kf1 Rb6 36. Ke2 Rd6 37. Ne7 Rxb4 38. Ke3 Rbxd4 39. Rg8+ Kf6 40. Re8 Rd3+ 41. Ke2 Rd2+ 42. Ke1 Rd8 0-1

[Event "Labour Day op"]
[Site "Langley CAN"]
[Date "2009.09.06"]
[Round "3.11"]
[White "Hui, Jeremy"]
[Black "Diemecke, Pablo"]
[Result "0-1"]
[WhiteElo "1580"]
[BlackElo "1825"]
[PlyCount "106"]
[GameId "2160767910092908"]
[EventDate "2009.09.05"]
[EventType "swiss"]
[EventRounds "6"]
[EventCountry "CAN"]
[SourceTitle "EXT 2022"]
[Source "ChessBase"]
[SourceDate "2021.10.06"]
[SourceVersion "1"]
[SourceVersionDate "2021.10.06"]
[SourceQuality "1"]

1. d4 d5 2. Nf3 c5 3. e3 Nc6 4. Be2 Bf5 5. O-O Nf6 6. a3 e6 7. c4 Be7 8. Nc3 O-O 9. b3 a6 10. Bb2 Rb8 11. Qd2 Na5 12. Qd1 Qb6 13. dxc5 Qxb3 14. Qxb3 Nxb3 15. Rad1 Bc2 16. cxd5 exd5 17. Nxd5 Nxd5 18. Rxd5 Rbd8 19. Rxd8 Rxd8 20. Bd4 Be4 21. Rd1 Nxc5 22. Ne5 b5 23. f3 Bb7 24. Kf2 Na4 25. Rd3 f6 26. Ng4 h5 27. Bxf6 gxf6 28. Nh6+ Kf8 29. Rxd8+ Bxd8 30. Nf5 Nc3 31. Bd3 Bb6 32. Ng3 Nd1+ 33. Ke2 Nxe3 34. Nxh5 Nxg2 35. Nxf6 Nf4+ 36. Kd2 Ba5+ 37. Ke3 Nxd3 38. Kxd3 Bxf3 39. Nd7+ Ke7 40. Nc5 Kd6 41. Nb3 Bb6 42. Kc3 a5 43. h4 Be4 44. h5 a4 45. Nc1 Bc5 46. Kb2 Bd4+ 47. Ka2 Kc5 48. h6 Be3 49. Ne2 Bxh6 50. Kb2 Kc4 51. Ka2 Kd3 52. Ng3 Bg6 53. Nh1 Kc2 0-1

[Event "Labour Day op"]
[Site "Langley CAN"]
[Date "2009.09.06"]
[Round "3.12"]
[White "Davidson, Brian"]
[Black "Angelvette, Duane"]
[Result "1/2-1/2"]
[WhiteElo "1588"]
[BlackElo "1790"]
[PlyCount "60"]
[GameId "2160767910092909"]
[EventDate "2009.09.05"]
[EventType "swiss"]
[EventRounds "6"]
[EventCountry "CAN"]
[SourceTitle "EXT 2022"]
[Source "ChessBase"]
[SourceDate "2021.10.06"]
[SourceVersion "1"]
[SourceVersionDate "2021.10.06"]
[SourceQuality "1"]

1. d4 Nf6 2. c4 g6 3. Bg5 Bg7 4. Nc3 c5 5. d5 d6 6. Nf3 Qa5 7. Bd2 Bf5 8. Nb5 Qd8 9. Bc3 O-O 10. e3 a6 11. Na3 e5 12. dxe6 fxe6 13. Be2 e5 14. O-O e4 15. Nh4 Be6 16. g3 Nc6 17. f4 Qd7 18. Nb1 Rad8 19. Qc2 Bh3 20. Re1 Qe7 21. Nd2 Nb4 22. Bxb4 cxb4 23. Rab1 Ng4 24. Qb3 Bf6 25. Ng2 a5 26. Nf1 Nh6 27. c5+ Be6 28. cxd6 Rxd6 29. Bc4 Bxc4 30. Qxc4+ Kg7 1/2-1/2

[Event "Labour Day op"]
[Site "Langley CAN"]
[Date "2009.09.06"]
[Round "3.15"]
[White "Straka, Petr"]
[Black "Martinson, Rick"]
[Result "0-1"]
[WhiteElo "1192"]
[BlackElo "1697"]
[PlyCount "42"]
[GameId "2160767910092910"]
[EventDate "2009.09.05"]
[EventType "swiss"]
[EventRounds "6"]
[EventCountry "CAN"]
[SourceTitle "EXT 2022"]
[Source "ChessBase"]
[SourceDate "2021.10.06"]
[SourceVersion "1"]
[SourceVersionDate "2021.10.06"]
[SourceQuality "1"]

1. d4 Nf6 2. Nf3 g6 3. c4 Bg7 4. Nc3 O-O 5. e3 d6 6. Be2 c5 7. O-O Nc6 8. Re1 Nd7 9. d5 Nce5 10. Nxe5 Nxe5 11. e4 a6 12. Be3 Qc7 13. f4 Nd7 14. f5 Ne5 15. fxg6 hxg6 16. Rf1 Bd7 17. Qd2 Bg4 18. Rf2 Bxe2 19. Rxe2 Nxc4 20. Qc1 Nxe3 21. Qxe3 Bd4 0-1

[Event "Labour Day op"]
[Site "Langley CAN"]
[Date "2009.09.06"]
[Round "3.18"]
[White "Kornienkoc, Alexander"]
[Black "Hartwig, Harry"]
[Result "1-0"]
[WhiteElo "1643"]
[BlackElo "1528"]
[PlyCount "42"]
[GameId "2160767910092911"]
[EventDate "2009.09.05"]
[EventType "swiss"]
[EventRounds "6"]
[EventCountry "CAN"]
[SourceTitle "EXT 2022"]
[Source "ChessBase"]
[SourceDate "2021.10.06"]
[SourceVersion "1"]
[SourceVersionDate "2021.10.06"]
[SourceQuality "1"]

1. e4 c5 2. Nc3 d6 3. f4 e6 4. Nf3 Nf6 5. Bb5+ Bd7 6. Bxd7+ Qxd7 7. O-O Be7 8. d3 O-O 9. Kh1 Nc6 10. Rg1 h6 11. g4 Nh7 12. f5 f6 13. Ne2 Ng5 14. Nf4 e5 15. Ng6 Rf7 16. h4 Nh7 17. g5 hxg5 18. hxg5 Qd8 19. Qf1 fxg5 20. Bxg5 Bxg5 21. Qh3 Bf6 1-0

[Event "Labour Day op"]
[Site "Langley CAN"]
[Date "2009.09.07"]
[Round "4.2"]
[White "Patterson, Roger"]
[Black "Kyriakides, Savvas"]
[Result "1-0"]
[WhiteElo "2197"]
[BlackElo "1980"]
[PlyCount "57"]
[GameId "2160767910092913"]
[EventDate "2009.09.05"]
[EventType "swiss"]
[EventRounds "6"]
[EventCountry "CAN"]
[SourceTitle "EXT 2022"]
[Source "ChessBase"]
[SourceDate "2021.10.06"]
[SourceVersion "1"]
[SourceVersionDate "2021.10.06"]
[SourceQuality "1"]

1. e4 d5 2. exd5 Qxd5 3. Nc3 Qa5 4. d4 c6 5. Nf3 Bg4 6. h3 Bh5 7. g4 Bg6 8. Ne5 Nd7 9. Nxd7 Kxd7 10. d5 Rd8 11. dxc6+ Kc7 12. Qf3 bxc6 13. Bg2 Rd6 14. Bf4 e5 15. b4 Qxb4 16. Bxe5 Qc5 17. Qe3 Qxe3+ 18. fxe3 Kd7 19. Bxd6 Bxd6 20. Ne4 Bxe4 21. Bxe4 Nf6 22. Bf3 Re8 23. Kf2 Ne4+ 24. Bxe4 Rxe4 25. Rhd1 Kc7 26. Rd4 Re7 27. Rb1 Bc5 28. Rd3 Re5 29. Kf3 1-0

[Event "Labour Day op"]
[Site "Langley CAN"]
[Date "2009.09.06"]
[Round "4.4"]
[White "Long, Hugh"]
[Black "Sohal, Tanraj"]
[Result "0-1"]
[WhiteElo "1686"]
[BlackElo "2102"]
[PlyCount "92"]
[GameId "2160767910092914"]
[EventDate "2009.09.05"]
[EventType "swiss"]
[EventRounds "6"]
[EventCountry "CAN"]
[SourceTitle "EXT 2022"]
[Source "ChessBase"]
[SourceDate "2021.10.06"]
[SourceVersion "1"]
[SourceVersionDate "2021.10.06"]
[SourceQuality "1"]

1. d4 Nf6 2. c4 e6 3. a3 b6 4. Nc3 Bb7 5. Bg5 Be7 6. e3 O-O 7. Nf3 h6 8. Bh4 Ne4 9. Bxe7 Qxe7 10. Nxe4 Bxe4 11. Bd3 Bxf3 12. Qxf3 c6 13. h4 d5 14. g4 g6 15. O-O-O Nd7 16. Qg3 e5 17. Kb1 e4 18. Be2 Rfe8 19. Rc1 dxc4 20. Rxc4 c5 21. d5 Qe5 22. Qxe5 Rxe5 23. Rd1 Nf6 24. d6 Rd8 25. Rc2 g5 26. hxg5 Rxg5 27. Rcd2 Nxg4 28. Bxg4 Rxg4 29. d7 Kf8 30. Rh1 Rg6 31. Rh5 Ke7 32. Re5+ Re6 33. Red5 f6 34. Kc2 Re5 35. Rxe5+ fxe5 36. Rd1 Rxd7 37. Rh1 Rd6 38. Rh4 Rf6 39. Kc3 Rxf2 40. Rxh6 Re2 41. Rh3 Kd6 42. b3 Kd5 43. Rg3 b5 44. Rh3 a5 45. b4 cxb4+ 46. axb4 a4 0-1

[Event "Labour Day op"]
[Site "Langley CAN"]
[Date "2009.09.07"]
[Round "4.5"]
[White "Trochtchanovitch, Pavel"]
[Black "Diemecke, Pablo"]
[Result "1-0"]
[WhiteElo "2100"]
[BlackElo "1825"]
[PlyCount "62"]
[GameId "2160767910092915"]
[EventDate "2009.09.05"]
[EventType "swiss"]
[EventRounds "6"]
[EventCountry "CAN"]
[SourceTitle "EXT 2022"]
[Source "ChessBase"]
[SourceDate "2021.10.06"]
[SourceVersion "1"]
[SourceVersionDate "2021.10.06"]
[SourceQuality "1"]

1. e4 d5 2. exd5 Qxd5 3. Nc3 Qa5 4. d4 c6 5. Nf3 Bg4 6. Bf4 e6 7. a3 Nf6 8. Bd2 Nbd7 9. Bc4 Qc7 10. Qe2 Nb6 11. Bb3 Bd6 12. h3 Bxf3 13. Qxf3 O-O 14. Ne4 Nxe4 15. Qxe4 e5 16. O-O-O exd4 17. Qxd4 Be5 18. Qg4 Kh8 19. Rhe1 Rad8 20. Kb1 c5 21. c3 f5 22. Qf3 Bd6 23. Bg5 Rb8 24. Re6 c4 25. Bc2 Bc5 26. g4 Qf7 27. Re5 Qg6 28. Rxc5 Qxg5 29. gxf5 Rbe8 30. Rc7 Re7 31. Qxb7 Rxc7 1-0

[Event "Labour Day op"]
[Site "Langley CAN"]
[Date "2009.09.07"]
[Round "4.8"]
[White "Ranile, Romeo"]
[Black "Leblanc, Paul"]
[Result "1/2-1/2"]
[WhiteElo "1885"]
[BlackElo "1848"]
[PlyCount "87"]
[GameId "2160767910092916"]
[EventDate "2009.09.05"]
[EventType "swiss"]
[EventRounds "6"]
[EventCountry "CAN"]
[SourceTitle "EXT 2022"]
[Source "ChessBase"]
[SourceDate "2021.10.06"]
[SourceVersion "1"]
[SourceVersionDate "2021.10.06"]
[SourceQuality "1"]

1. e4 c6 2. d4 d5 3. e5 Bf5 4. Bd3 Bxd3 5. Qxd3 e6 6. Ne2 Nd7 7. Be3 Ne7 8. Ng3 c5 9. c3 Nc6 10. a3 Be7 11. f4 g6 12. Nd2 Rc8 13. O-O O-O 14. Ne2 c4 15. Qc2 b5 16. Kh1 a5 17. g4 Qb6 18. Rf3 Qb7 19. Raf1 f5 20. Rg1 b4 21. axb4 axb4 22. gxf5 exf5 23. Ng3 Kh8 24. Ne2 Ra8 25. Rh3 Rg8 26. Bf2 Ra2 27. Rb1 Rga8 28. Qc1 Nf8 29. Qg1 bxc3 30. bxc3 Rb2 31. Rd1 Raa2 32. Be3 Na5 33. Nc1 Ra1 34. Rf3 Ra3 35. Ne2 Nb3 36. Qe1 Raa2 37. Nc1 Nxc1 38. Rxc1 Bd8 39. Ra1 Qa6 40. Rf1 Qa3 41. Rxa2 Qxa2 42. Nf3 Re2 43. Qc1 Rc2 44. Qe1 1/2-1/2

[Event "Labour Day op"]
[Site "Langley CAN"]
[Date "2009.09.06"]
[Round "4.9"]
[White "Martinson, Rick"]
[Black "McLaren, Brian"]
[Result "0-1"]
[WhiteElo "1697"]
[BlackElo "2247"]
[PlyCount "50"]
[GameId "2160767910092917"]
[EventDate "2009.09.05"]
[EventType "swiss"]
[EventRounds "6"]
[EventCountry "CAN"]
[SourceTitle "EXT 2022"]
[Source "ChessBase"]
[SourceDate "2021.10.06"]
[SourceVersion "1"]
[SourceVersionDate "2021.10.06"]
[SourceQuality "1"]

1. e4 Nf6 2. e5 Nd5 3. d4 d6 4. exd6 cxd6 5. c4 Nb6 6. Nc3 g6 7. Nf3 Bg4 8. h3 Bxf3 9. Qxf3 Nc6 10. Be3 Bg7 11. Qd1 O-O 12. Be2 d5 13. c5 Nc8 14. Bb5 e6 15. Bxc6 bxc6 16. O-O Rb8 17. Qa4 Qc7 18. b4 e5 19. Ne2 f6 20. Rab1 Ne7 21. Qc2 Nf5 22. Qd2 Rfe8 23. a4 a6 24. Rb2 Nxe3 25. fxe3 Qd7 0-1

[Event "Labour Day op"]
[Site "Langley CAN"]
[Date "2009.09.06"]
[Round "4.14"]
[White "Labik, Peter"]
[Black "Ranile, Romeo"]
[Result "0-1"]
[WhiteElo "1704"]
[BlackElo "1885"]
[PlyCount "80"]
[GameId "2160767910092918"]
[EventDate "2009.09.05"]
[EventType "swiss"]
[EventRounds "6"]
[EventCountry "CAN"]
[SourceTitle "EXT 2022"]
[Source "ChessBase"]
[SourceDate "2021.10.06"]
[SourceVersion "1"]
[SourceVersionDate "2021.10.06"]
[SourceQuality "1"]

1. e4 d6 2. d4 g6 3. Nf3 Bg7 4. Be2 Nf6 5. Nc3 O-O 6. O-O c6 7. h3 Nbd7 8. Be3 b6 9. Qd2 Re8 10. Nh2 Qc7 11. f4 Bb7 12. Bf3 e5 13. Rae1 Rad8 14. Qf2 Ba6 15. Be2 Bb7 16. Ng4 Nxg4 17. hxg4 Bc8 18. f5 exd4 19. Bxd4 Bxd4 20. Qxd4 Ne5 21. Qf2 h6 22. Qh4 Qe7 23. Qxh6 Qf8 24. Qh4 Qg7 25. f6 Qh7 26. Qxh7+ Kxh7 27. g5 Rh8 28. g3 Kg8 29. g4 Bxg4 30. Rf2 Rh5 31. Bxg4 Rxg5 32. Rh2 Nf3+ 33. Kf2 Nxh2 34. Be2 Ng4+ 35. Kf3 Nxf6 36. Kf4 Rg2 37. Rf1 Kg7 38. Bc4 Re8 39. Kf3 Rxc2 40. Rg1 b5 0-1